ბათუმის შოთა რუსთაველის სახელმწიფო უნივერსიტეტის ბიბლიოთეკა

Основы андрагогики (ბიბ.ჩანაწერი № 35196)

000 -LEADER
fixed length control field 00599nam a2200229Ia 4500
001 - CONTROL NUMBER
control field 1042
003 - CONTROL NUMBER IDENTIFIER
control field GE_BSU
008 - FIXED-LENGTH DATA ELEMENTS--GENERAL INFORMATION
fixed length control field 181216s||||||||xx |||||||||||||| ||und||
020 ## - INTERNATIONAL STANDARD BOOK NUMBER
International Standard Book Number 5769509753
040 ## - CATALOGING SOURCE
Transcribing agency GE_BSU
080 ## - UNIVERSAL DECIMAL CLASSIFICATION NUMBER
Universal Decimal Classification number 374.7(075.8)
245 ## - TITLE STATEMENT
Title Основы андрагогики
245 ## - TITLE STATEMENT
Remainder of title Для студ. высш.уч. завед.
245 ## - TITLE STATEMENT
Statement of responsibility, etc. Под ред. И.А.Колесниковой
260 ## - PUBLICATION, DISTRIBUTION, ETC.
Place of publication, distribution, etc. Москва
260 ## - PUBLICATION, DISTRIBUTION, ETC.
Name of publisher, distributor, etc. Академия
260 ## - PUBLICATION, DISTRIBUTION, ETC.
Date of publication, distribution, etc. 2003
300 ## - PHYSICAL DESCRIPTION
Extent 240стр.
653 ## - INDEX TERM--UNCONTROLLED
Uncontrolled term Основы андрагогики
942 ## - ADDED ENTRY ELEMENTS (KOHA)
Koha item type წიგნი
ეგზემპლარები
Withdrawn status Lost status Damaged status Not for loan Date acquired Barcode Date last seen Price effective from Koha item type Public note
        2018-12-17 1578 2018-12-17 2018-12-17 წიგნი დარბაზი